| 000 | 00586nam a2200193Ia 4500 | ||
|---|---|---|---|
| 005 | 20250507130305.0 | ||
| 008 | 008 250505s9999 xx 000 0 eng d | ||
| 037 | _aSeries Article | ||
| 040 |
_aEASL _beng _cEASL |
||
| 041 |
_aeng _2eng |
||
| 084 | _qEASL | ||
| 100 | _aChakrabarty Bidyut | ||
| 245 | 0 | _aUniversal benefit: Gandhi's doctrine of trusteeship:A review Article | |
| 260 |
_aUSA _bNew York Cambridge University Press U.K _c2015 |
||
| 300 | _a572-608 Pp. | ||
| 650 |
_aAsian Studies; forum article _9755096 |
||
| 942 | _cSRA | ||
| 999 |
_c1318807 _d1318807 |
||